Pohrajme sa s diktátikmi v prvom ročníku ZŠ. : Pomôcka pre učiteľa i rodiča. Pracovný zošit pre žiaka. /
Uložené v:
| Hlavný autor: | |
|---|---|
| Médium: | Kniha |
| Jazyk: | Slovak |
| Vydané: |
Bratislava :
Mgr. Margita Svobodová,
2002
|
| Vydanie: | 6. vyd. |
| Témy: | |
| ISBN: |
8088968232 (brož.) |
| Fyzický popis: |
84 s. |
| Tagy: |
Pridať tag
Žiadne tagy, Buďte prvý kto otaguje tento záznam!
|
Titul je dostupný aj v ... 

MARC
| LEADER | 00000nam a2200000 a 4500 | ||
|---|---|---|---|
| 001 | 000089757 | ||
| 003 | SVKK | ||
| 005 | 20030519000000.0 | ||
| 008 | 030312s2002 xo e sloo | ||
| 020 | |a 8088968232 (brož.) | ||
| 040 | |a SVKKK |b slo |c SVKKK |e AACR2 | ||
| 041 | 0 | |a slo | |
| 044 | |a xo |c SK | ||
| 080 | |a 811.162.4`35(035) |2 1997 | ||
| 080 | |a 81`35=162.4(035) |2 1997 | ||
| 100 | 1 | |a Svobodová, Margita |4 aut | |
| 245 | 1 | 0 | |a Pohrajme sa s diktátikmi v prvom ročníku ZŠ. : |b Pomôcka pre učiteľa i rodiča. Pracovný zošit pre žiaka. / |c Margita Svobodová |
| 250 | |a 6. vyd. | ||
| 260 | |a Bratislava : |b Mgr. Margita Svobodová, |c 2002 | ||
| 300 | |a 84 s. | ||
| 653 | 0 | |a jazyk slovenský |2 SVKKKPH | |
| 653 | 0 | |a pravopis slovenský |2 SVKKKPH | |
| 653 | 0 | |a diktáty |2 SVKKKPH | |
| 653 | 0 | |a príručky |2 SVKKKPH | |
| 655 | 7 | |a príručky |2 SVKKKPH | |
| 910 | |a svkkk | ||
| 919 | |a 80-88968-23-2 | ||
| 974 | |a UH |d 20030515 | ||
| 974 | |a KL |d 20030502 | ||
| 974 | |a MI |d 20030519 | ||
| 998 | |a BK | ||
| 090 | |g SCKHL |k Sklad Pribinova 2. posch. |a III.193453 |j 952407 |i 2720107391 |s Absenčne | ||